Výklad pojmů "osoba povinná k dani", "ekonomická činnost", "plátce" a "osoba identifikovaná k dani"

Výklad pojmov ekonomická činnosť a platiteľ z pohľadu DPH. Rozdiely medzi osobami, ktoré majú daňovú povinnosť a osobami, ktoré túto povinnosť nemajú, avšak podľa stanovených okolností sa stávajú osobami identifikovanými k dani.

Uložené v:
Podrobná bibliografia
Hlavný autor: Straková, Hana
Médium: Kapitola
Jazyk:Czech
Predmet:
Tagy: Pridať tag
Žiadne tagy, Buďte prvý, kto otaguje tento záznam!

MARC

LEADER 00000naa a2200000 4500
001 0179569
005 20230925093434.1
041 0 |a cze 
044 |a CZ 
245 1 0 |a Výklad pojmů "osoba povinná k dani", "ekonomická činnost", "plátce" a "osoba identifikovaná k dani"  |c Hana Straková 
520 |a Výklad pojmov ekonomická činnosť a platiteľ z pohľadu DPH. Rozdiely medzi osobami, ktoré majú daňovú povinnosť a osobami, ktoré túto povinnosť nemajú, avšak podľa stanovených okolností sa stávajú osobami identifikovanými k dani. 
610 2 0 |a dane 
610 2 0 |a povinnosť daňová 
610 2 0 |a dane z hodnoty pridanej 
610 2 0 |a priznania daňové 
610 2 0 |a registrácia 
610 2 0 |a daňovníci 
100 1 |a Straková, Hana